• 首页
  • 本馆介绍
  • 公告通知
  • 最新文献
  • 馆藏检索
  • 电子资源
  • 读者导购
  • 参考咨询
  • 我的图书馆
  • 登录
  • 详细信息显示
  • 放入我的书架
  • 预约/预借图书
  • 作者相关作品
  • 分类相关作品
  • 丛书相关作品
  • 出版社相关作品

书目信息

  • 表格格式
  • 工作单格式
  • 卡片格式
题名:
西方政治传统
    
 
作者: 沃特金斯 著 ;黄辉 , 杨健 译
分册:  
出版信息: 长春   吉林人民出版社  2011.01
页数: 199页
开本: 24cm
丛书名: 人文译丛
单 册:
中图分类: D091.5
科图分类:
主题词: 自由主义--研究--西方国家--现代 , 自由主义
电子资源:
ISBN: 978-7-206-07167-6
000 01170oam2 2200313 45
001 512
005 20120531151452.51
010    @a978-7-206-07167-6@dCNY25.00
100    @a20120328d2011 em y0chiy0110 ea
101 1  @achi@ceng
102    @aCN@b220000
105    @ay z 000yy
106    @ar
200 1  @a西方政治传统@AXi Fang Zheng Zhi Chuan Tong@e现代自由主义发展研究@EXian Dai Zi You Zhu Yi Fa Zhan Yan Jiu@f(美)弗里德里希·沃特金斯著@F( Mei ) Fu Li De Li Xi· Wo Te Jin Si Zhu@g黄辉,杨健译
205    @a2版
210    @a长春@c吉林人民出版社@d2011.01
215    @a199页@d24cm
225 2  @a人文译丛
330    @a本书探讨了西方法治思想的起源、基督教会的兴起、世俗化的危机、保守主义的反动、现代自由主义的理论与实践、民族主义的问题、自由主义展望等内容。
461  0 @12001 @a人文译丛
517 1  @a现代自由主义发展研究@AXian Dai Zi You Zhu Yi Fa Zhan Yan Jiu
606 0  @a自由主义@x研究@x西方国家@z现代
606 0  @a自由主义
690    @aD091.5@v4
701  1 @c(美)@a沃特金斯@AWo Te Jin Si@b弗里德里希@4著
702  0 @a黄辉@AHuang Hui@4译
702  0 @a杨健@AYang Jian@4译
801  0 @aCN@bTSTCL@c20120328
905    @b0814802-04@dD091.5@e128=2@f3
    
    西方政治传统:现代自由主义发展研究/(美)弗里德里希·沃特金斯著/黄辉,杨健译.-2版.-长春:吉林人民出版社,2011.01
    199页;24cm.-(人文译丛)
    
    
    ISBN 978-7-206-07167-6:CNY25.00
    本书探讨了西方法治思想的起源、基督教会的兴起、世俗化的危机、保守主义的反动、现代自由主义的理论与实践、民族主义的问题、自由主义展望等内容。
●
相关链接 在E读中查询图书 在五车中查询图书 在当当中查询图书 在豆瓣中查询图书


正题名:西方政治传统     索取号:D091.5/128=2         预约/预借

序号 登录号 条形码 馆藏地/架位号 状态 备注
1 0814802   208148020   第一样本阅览室/ [索取号:D091.5/128=2] 在馆    
2 0814803   208148039   第一借阅区/ [索取号:D091.5/128=2] 在馆    
3 0814804   208148048   第一借阅区/ [索取号:D091.5/128=2] 在馆    
唐山师范学院图书馆 欢迎您!
大连网信软件有限公司© 版权所有